Prednáška - História známa i neznáma

Bibliographic Details
Main Author: Mlatecová, Zuzana (Author)
Format: Article
Language:Slovak
PhysicalDescription:Fotografia
Subjects:
Online Access:www.galantskakniznica.sk

MARC

LEADER 00000nab a2200000 4500
001 vtls012011911
003 SK-MaSNL
005 20260304013528.0
008 210122|2020 xo f||| || ||00 0|slo
040 |a slo  |b AGK  |c AGK  |e rda 
041 |a slo 
043 |a e-xo--- 
044 |a xo  |c SK 
072 7 |a 027  |x Univerzálne knižnice. Verejné knižnice  |2 konspekt 
080 |a 027.4/.5  |2 2011 
100 1 |a Mlatecová, Zuzana  |4 aut  |9 1294602 
245 1 0 |a Prednáška - História známa i neznáma  |c Zuzana Mlatecová 
300 |b Fotografia 
336 |a text  |b txt  |2 rdacontent 
337 |a bez média  |b n  |2 rdamedia 
338 |a zväzok  |b nc  |2 rdacarrier 
610 2 7 |a Galantská knižnica  |2 SNKKA  |9 32738 
610 2 7 |a Domov dôchodcov Patria (Galanta, Slovensko)  |2 agk  |9 1294615 
648 7 |a 2020  |2 agk  |9 340435 
650 0 7 |a seniori  |2 SNKPH  |9 117453 
650 0 7 |a dejiny mesta  |2 agk  |9 406733 
651 7 |a Galanta (Slovensko)  |2 SNKPHgeo  |9 15687 
655 7 |a prednášky  |2 SNKPH  |9 70554 
773 0 |t Knihovnícky obzor  |g Roč. 37, č. 2 (2020), s. 14 
856 4 1 |u www.galantskakniznica.sk 
958 |a SK 
999 |c 2576269  |d 2578199